00641nam a2200181 a 450000100100000000500170001000800410002702000150006804000250008308200170010810000210012524500950014626000640024130000210030550400740032653400330040070000260043300002407520200930022710.0110118s1976 xxu r 000 0 spa d a0311043434 aDO-SdBNPbspacBNPHU axxxxxbM146r1 aMacGorman, J. W.10aRomanos :bel evangelio para todo hombre /cJ. W. MacGorman ; traducción Alfonso Olmedo. aTennessee, U.S.A. :bCasa Bautista de Publicaciones,c1976. a146 p. ;c18 cm. aIncluye referencias bibliográficas y notas al pie de las páginas. aRoman´s everyman´s gospel.1 aOlmedo, Alfonso,etr.